000 00814cab a2200253 4500
001 WB3014-77
008 090401t1994 xxu||||| |||| 00| 0 eng d
035 _a(Sirsi) u24406
041 _aeng
245 _aJoint venture for architects department
260 _c1994
350 _a0
490 _aBuilding
_v259(7839) 15 April 1994, 11(1)
520 _aBuilding surveyor Watts and Partners and consulting engineer WSP are to take over Croydon council`s architects department despite being rejected by the staff.
650 _aARCHITECTS DEPARTMENTS
650 _aCROYDON LBC
650 _aJOINT VENTURES
650 _aLOCAL AUTHORITIES
650 _aTRANSFER
650 _aWATTS AND PARTNERS
690 _aMANAGEMENT-BUSINESS MANAGEMENT-PROFESSIONAL PRACTICE
942 _n0
948 _c04/03/1997
999 _c16365
_d16365